1188 1349 1054 1394 1730 1639 1608 1867 1738 1916 1647 1651 1578 1313 1629 1136 1395 1706 1635 1067 1698 1656 1001 1071 1991 1418 2000 1116 1541 1894 1300 1987 1516 1144 1792 1514 1917 1796 1693 1658 1855 1321 1145 1432 1866 1856 1356 1862 1535 1022 1217 1817 1707 1052 1481 1082 1787 1190 1841 1618 1948 1874 1315 1175 1741 1176 1735 1092 1607 1842 1856 1423 1327 1574 1236 1875 1665 1488 1483 1830 1862 1182 2000 1038 1420 1693 1804 1918 1730 1299 1683 1149 1921 1327 1300 1627 1162 1759 1084 BCNSPRNW ULIB Ver.6.0+V

เปลี่ยนเป็นภาษาไทย

Change to English
 แสดงรายละเอียดบรรณานุกรม
  กลับหน้าหลัก

Brief Record : Get Marc (ISO 2709) : E-mail record : QR code < ปิดหน้าต่าง
LEADER : 00000nam 2200000uu 4500
001    13399125859
003     ULIB
008    020711s2016 th a 000 0 eng d
020    ^a9780826128171
060    ^aWY128^bS-P
100    ^aSipes, Carolyn.
245    ^aProject management for the advanced practice nurse/^bSipes, Carolyn.
260    ^aNew York :^bSpringer Publishing Company,^c2016
300    ^a168 pages;^c22 cm
650    ^aAdvanced Practice Nursing-organization
650  0 ^aPlanning Technique
650  0 ^aProgram Development
945    ^p2176^l0^i003241
999    ^aประนอม เกษจรัล
รายการนี้ยังไม่มีแท็ก
คุณยังไม่ได้ล็อกอิน คุณสามารถมีกิจกรรมร่วมกับเว็บไซต์ได้ แต่ต้องล็อกอินก่อน ::
  ล็อกอิน

รายการสื่อสารสนเทศ

ลำดับที่ ประเภท เลขเรียก/บาร์โค้ด สถานที่ สถานะ
1. วิทยาศาสตร์การแพทย์ และสุขภาพ
หนังสือสำรอง
สถานะ=หนังสือสำรอง
WY128 S-P ฉ.1 
  Barcode: 003241
ห้องสมุดวิทยาเขตสวรรค์ประชารักษ์
►หนังสือทั่วไป
บนชั้น

รายการใกล้เคียง
    หัวเรื่อง [Program Development]

BibComment


ยังไม่เคยถูกคอมเมนท์

คอมเมนท์ทรัพยากรรายการนี้
  คอมเมนท์: Project manageme..


 Copyright 2026. Bcnsprnw @Library